| 000 | 00818nam a2200217 a 4500 | ||
|---|---|---|---|
| 008 | 100930s2005 ||||||||||||||||| || u | ||
| 020 | _a1589481216 | ||
| 050 | _aG 70.212 Map | ||
| 100 | _aPalmer, Anita M | ||
| 245 | 1 | 0 |
_aMapping our world: GIS lessons for educators _cby Lyn Malone, [and others] |
| 260 |
_aRedlands, Calif: _bESRI Press _c2005 |
||
| 300 | _axxv, 549p.: ill. | ||
| 350 | _a0.00 | ||
| 500 | _aaccompanied by 2 CD-ROMS (see CBU Reference Librarian) | ||
| 650 | _aGEOGRAPHY | ||
| 650 | _aGEOGRAPHIC INFORMATION SYSTEMS--STUDY AND TEACHING | ||
| 650 | _aARCGIS | ||
| 700 | _aVoigt, Chritstine L | ||
| 700 | _aMalone, Lyn | ||
| 995 |
_D0.00 _FCBU-MAIN LIBRARY (Kitwe) _H1 _I0.00 _M1 _UAVAILABLE _WOct 5, 2010 _ZMain Library Open Access Collection |
||
| 999 |
_c50332 _d50332 |
||